| 000 | 00895cam a2200145ua 4500 | ||
|---|---|---|---|
| 041 |
_aeng _h |
||
| 082 |
_a532.57 _bIND/ME |
||
| 110 | 1 |
_aIndian standards institution . _bISI _c() |
|
| 245 |
_aMethods for measurement of suspended sediment in open channels / _cIndian standards institution. _hTextual Documents |
||
| 260 |
_a : _bISI , _c1982. |
||
| 300 | _a19 ; . | ||
| 504 | _a | ||
| 942 | _cBK | ||
| 999 |
_c4367 _d4367 |
||